[Event "POL-chT U20 1st League"]
[Site "Chotowa"]
[Date "2025.06.15"]
[Round "2.20"]
[White "Kawulski Chodkiewicz, Alexander"]
[Black "Jamrozik, Maciej"]
[Result "1/2-1/2"]
[WhiteElo "1956"]
[BlackElo "1974"]
[PlyCount "73"]
[EventDate "2025.06.14"]
[EventType "team-swiss"]
[EventRounds "9"]
[EventCountry "POL"]
[SourceTitle "CB26_2025"]
[SourceDate "2025.06.25"]
[SourceVersion "1"]
[SourceVersionDate "2025.06.25"]
[SourceQuality "1"]
[WhiteTeam "Legnica Miedz"]
[BlackTeam "Myślenice"]
[WhiteTeamCountry "POL"]
[BlackTeamCountry "POL"]

1. e4 c5 2. Nc3 e6 3. Nge2 Nc6 4. g3 d5 5. exd5 exd5 6. d4 Bg4 7. Bg2 Nxd4 8. h3 Bf3 9. Kf1 Nxe2 10. Bxf3 Nxc3 11. bxc3 Nf6 12. c4 d4 13. Bxb7 Rb8 14. Bc6+ Nd7 15. Qg4 Rb6 16. Ba4 Re6 17. Bd2 h5 18. Qf3 Bd6 19. Qb7 Bc7 20. Qd5 Rd6 21. Qxc5 0-0 22. Qxh5 Nf6 23. Qf3 d3 24. Bb4 d2 25. Bxd6 Qxd6 26. Kg2 Rd8 27. Bc6 Bb6 28. Rhd1 Qc5 29. Bd5 Nxd5 30. cxd5 Rxd5 31. Rf1 Rf5 32. Qa8+ Kh7 33. Qe4 Kg8 34. f4 Rd5 35. Qe8+ Kh7 36. Qe4+ Kg8 37. Qe8+ 1/2-1/2

[Event "POL-chT U18 1st"]
[Site "Poland"]
[Date "2022.06.29"]
[Round "5.4"]
[White "Jamrozik, Maciej"]
[Black "Niesporek, Franciszek"]
[Result "0-1"]
[WhiteElo "1253"]
[BlackElo "1332"]
[PlyCount "96"]
[EventDate "2022.06.25"]
[EventType "team-swiss"]
[EventRounds "9"]
[EventCountry "POL"]
[SourceTitle "EXT 2023"]
[Source "ChessBase"]
[SourceDate "2022.10.05"]
[SourceVersion "1"]
[SourceVersionDate "2022.10.05"]
[SourceQuality "1"]
[WhiteTeam "Myslenice MAT"]
[BlackTeam "Ognisko Rydultowy"]
[WhiteTeamCountry "POL"]
[BlackTeamCountry "POL"]

1. d4 Nf6 2. c4 e6 3. Nc3 Bb4 4. Qc2 0-0 5. Nf3 d5 6. e3 c5 7. cxd5 exd5 8. dxc5 Nbd7 9. a3 Bxc3+ 10. Qxc3 Ne4 11. Qc2 a5 12. c6 Ndc5 13. cxb7 Bxb7 14. Be2 a4 15. Nd4 Rc8 16. Qd1 Qh4 17. 0-0 f5 18. b4 axb3 19. Nxb3 Nc3 20. Qc2 Nxe2+ 21. Qxe2 Nxb3 22. Rb1 Qc4 23. Qb2 Ba6 24. Rd1 Nxc1 25. Rbxc1 Qb5 26. Qe5 Qd7 27. Rb1 Bc4 28. Rb4 Rfe8 29. Qg3 Qc7 30. Qf3 Qe5 31. Rdb1 Bd3 32. Rd1 Be4 33. Qh5 Rb8 34. Rbd4 Red8 35. f3 Bc2 36. Re1 Rb1 37. Rxb1 Qxe3+ 38. Kh1 Bxb1 39. Rd1 Bc2 40. Rg1 d4 41. Qh4 Re8 42. Qg3 Qe5 43. Qf2 d3 44. h3 Qe3 45. Qg3 d2 46. Qd6 Qxg1+ 47. Kxg1 d1Q+ 48. Qxd1 Bxd1 0-1

[Event "POL-chT U18 1st"]
[Site "Poland"]
[Date "2022.06.25"]
[Round "1.4"]
[White "Rozanski, Mateusz"]
[Black "Jamrozik, Maciej"]
[Result "1-0"]
[WhiteElo "1720"]
[BlackElo "1253"]
[PlyCount "79"]
[EventDate "2022.06.25"]
[EventType "team-swiss"]
[EventRounds "9"]
[EventCountry "POL"]
[SourceTitle "EXT 2023"]
[Source "ChessBase"]
[SourceDate "2022.10.05"]
[SourceVersion "1"]
[SourceVersionDate "2022.10.05"]
[SourceQuality "1"]
[WhiteTeam "Wroclaw Invest Polonia"]
[BlackTeam "Myslenice MAT"]
[WhiteTeamCountry "POL"]
[BlackTeamCountry "POL"]

1. e4 c5 2. Nf3 e6 3. d4 cxd4 4. Nxd4 Nf6 5. Nc3 Nc6 6. Ndb5 d6 7. Bf4 e5 8. Bg5 a6 9. Bxf6 gxf6 10. Na3 b5 11. Nd5 Bg7 12. c4 b4 13. Nc2 Rb8 14. Qf3 0-0 15. Be2 Be6 16. g4 Bxd5 17. exd5 Ne7 18. Bd3 Ng6 19. Qe4 b3 20. axb3 Rxb3 21. h4 Re8 22. h5 Nf4 23. Qxh7+ Kf8 24. Be4 f5 25. Qxf5 Nh3 26. Rxa6 Bh6 27. Na1 Rxb2 28. Rxh3 Qb8 29. Kf1 Qb4 30. Ra7 Qxc4+ 31. Kg2 Re7 32. Rxe7 Kxe7 33. g5 Bxg5 34. Qxg5+ Ke8 35. Qf5 Re2 36. Bd3 Rxf2+ 37. Qxf2 Qg4+ 38. Rg3 Qxh5 39. Qf6 Kf8 40. Qd8# 1-0

[Event "Krakow Winter op-B"]
[Site "Krakow"]
[Date "2022.01.17"]
[Round "5"]
[White "Biel, Maciej"]
[Black "Jamrozik, Maciej"]
[Result "1-0"]
[WhiteElo "1453"]
[BlackElo "1269"]
[PlyCount "85"]
[EventDate "2022.01.15"]
[EventType "swiss"]
[EventRounds "9"]
[EventCountry "POL"]
[SourceTitle "CBM 206 Extra"]
[Source "ChessBase"]
[SourceDate "2022.03.31"]
[SourceVersion "1"]
[SourceVersionDate "2022.03.31"]
[SourceQuality "1"]

1. e4 c5 2. d3 e6 3. Nf3 Nc6 4. g3 Nf6 5. Bg2 d5 6. Nbd2 Be7 7. 0-0 0-0 8. e5 Nd7 9. Re1 b5 10. Nf1 a5 11. a3 Bb7 12. h4 Qc7 13. Qe2 b4 14. Bf4 bxa3 15. bxa3 Ba6 16. Ne3 Rfc8 17. Nxd5 exd5 18. e6 Qd8 19. exf7+ Kf8 20. Ng5 Nf6 21. Ne6+ Kxf7 22. Nxd8+ Rxd8 23. Qe6+ Kf8 24. Qxc6 Rdc8 25. Qe6 Re8 26. Bxd5 Nxd5 27. Qxd5 Rad8 28. Qf5+ Kg8 29. Qe6+ Kh8 30. Qxa6 a4 31. Re6 c4 32. Qxc4 Rc8 33. Qxa4 Ra8 34. Qd7 Rad8 35. Rxe7 Rg8 36. Qe6 Rdf8 37. Rb1 Rc8 38. Rbb7 Rxc2 39. Rxg7 Rc1+ 40. Kg2 Rg1+ 41. Kxg1 Rxg7 42. Qe8+ Rg8 43. Be5# 1-0